| 000 | 00587nam a22001937a 4500 | ||
|---|---|---|---|
| 005 | 20251118115530.0 | ||
| 010 | _aENG-147093 | ||
| 020 |
_a9789357314084 _c699.00 |
||
| 035 | _aEN-130625 | ||
| 037 | _bDBAD | ||
| 082 |
_a610.8 _21 |
||
| 100 |
_aVerma, Smita _985686 |
||
| 245 |
_aHistory of Medicine _cSmita Verma |
||
| 260 |
_aGurugram _bHachette Book Publishing India Pvt.Ltd _c2025 |
||
| 270 |
_a4th &5th Floors ,Corporate Centre, Plot No. 94, Sector 44 _bGurugram _e122003 |
||
| 300 |
_axiii,441p. _c20cm(Pb) |
||
| 760 | _b1 | ||
| 942 |
_2ddc _cEN _h610.8 _mVER _e1 |
||
| 999 |
_c213767 _d213767 |
||